Sergeĭ Makhalov. Povestʹ.
Saved in:
| Main Author: | |
|---|---|
| Format: | Book |
| Language: | Russian |
| Published: |
Moskva]
"Mol. gvardii︠a︡,"
1969.
|
| Series: | Tvoi geroi, komsomol
|
| Subjects: | |
| Tags: |
Add Tag
No Tags, Be the first to tag this record!
|
| LEADER | 00670nam a2200229I 4500 | ||
|---|---|---|---|
| 001 | 005682017-8 | ||
| 005 | 20020606163548.3 | ||
| 008 | 890303s1969 ru ac 000 1 rusr | ||
| 010 | |a 70475093 | ||
| 015 | |a USSR69-VKP | ||
| 035 | 0 | |a ocm19296279 | |
| 040 | |a DLC |c AZS |d AZS |d HLS | ||
| 050 | 0 | |a PG3483.A58 |b S4 | |
| 100 | 1 | |a Lapin, B. |q (Boris) | |
| 245 | 1 | 0 | |a Sergeĭ Makhalov. |b Povestʹ. |c [Ill.: M. Petrov. |
| 260 | |a Moskva] |b "Mol. gvardii︠a︡," |c 1969. | ||
| 300 | |a 173 p. with illus., port. |c 20 cm. | ||
| 490 | 0 | |a Tvoi geroi, komsomol | |
| 500 | |a At head of title: Boris Lapin. | ||
| 600 | 1 | 0 | |a Makhalov, Sergeĭ Fedorovich |v Fiction. |
| 988 | |a 20020608 | ||
| 906 | |0 DLC | ||


